000 00991nas a2200349 4500
001 BR0204765
003 BR-BrBNA
005 20231205103244.0
007 ta
008 230509b bl.|||p| |||| 00| 00por d
040 _aBR-BrBNA
_bpor
_cBiblioteca Nacional de Agricultura
041 _a(Pt)
072 _aH10
100 1 _aPaes, J.B.
100 1 _aMorais, V. de M.
100 1 _aLima, C.R. de
245 1 _aResistência natural de nove madeiras do semi-árido brasileiro a cupins subterrâneos, em ensaio de preferência alimentar
650 _aALGAROBA
650 _aANGICO
650 _aCÁSSIA
650 _aCUMARU
650 _aIPÊ
650 _aPEREIRO-PRETO
650 _aAROEIRA
650 _aBRAÚNA PRETA
650 _aMADEIRA
650 _aCUPIM
650 _aVARIEDADE RESISTENTE
773 0 _tBrasil Florestal (Brazil)
_xISSN 0045-270X
_g(Nov 2001), v. 20(72) p. 59-69
_wBR0204765
909 _a202311
_bLúcia
_c55
_dLúcia Elande
942 _2AGRIS
_n0
_cANA
999 _c171912
_d171912